000 02580cam a2200349 i 4500
003 OSt
005 20240915144419.0
008 240912s2002 ii g f00010 ara c
024 0 _a00000000979199
040 _aAE-DuMBRL
_bara
_cSA-RiAUC
_erda
041 1 _aara
_hund
050 4 _bA35 2002
082 0 4 _a253
_qSA-RiAUC
090 _a253
_bب ر ي
100 1 _aالبريلوي، أحمد رضا خان بن تقي علي،
_d1856-1921
_eمؤلف.
245 1 0 _aكفل الفقيه الفاهم في أحكام قرطاس الدراهم /
_cتصنيف للإمام العلامة أحمد رضا القادر البريلوي ؛ ترجمة المصنف فضيلة الأستاذ افتخار أحمد المصباحي ؛ التصحيح فضيلة الشيخ مولانا عبد القيوم القادري الهزاروي.
250 _aالطبعة الأولى.
264 1 _aلاهور، باكستان :
_bمؤسسة رضا :
_bالجامعة النظامية الرضوية،
_c2002.
300 _a98 صفحة ؛
_c24 × 17 سم
336 _aنص
_btxt
_2rdacontent
_3كتاب
337 _aبدون وسيط
_bn
_2rdamedia
338 _aمجلد
_bnc
_2rdacarrier
500 _aكتبه على الحاسب : ضياء المصطفي القصروي ؛ أخرج في : مركز المصطفى للحاسب الآلي بلاهور.
520 _aيتناول كتاب (كفل الفقيه الفاهم في أحكام قرطاس الدراهم) والذي قام بتأليفه الإمام الشيخ أحمد رضا خان القادري الحنفي البريلوي، موضوع (أحكام قرطاس الدراهم) هذا كتاب مهم تناول فيه المؤلف موضوع التعامل بالدينار والدرهم منذ أن أمر التعامل بها كعملة، وقد تناول موضوع الأموال وتعريفها وأقسامها وتناول موضوع البيع والزكاة، وموضوع الربا وغير ذلك من الامور الاقتصادية والمسائل المعاصرة التي نهتدي إليها بمصباح الشريعة الاسلامية.
650 7 _aالمعاملات (فقه إسلامي)
_2aucsh
650 7 _aالأموال (فقه إسلامي)
_2aucsh
700 1 _aالمصباحي، افتخار أحمد
_eمترجم.
700 1 _aHazrawi, Abdul Qayyum Al-Qadri
_eمصحح.
942 _2ddc
_cBOOK
949 _aSA-JeALM
_d240912
_umohamedma123
_n1
999 _c226
_d226